00422nam a2200145Ia 4500001001000000003000500010008004100015010001100056040000900067100002000076245009400096500004700190650002900237650001000266Para_7333CHAP220125s9999 xx 000 0 und d a206221 cCHAP aCheng, Ping-Yao aThe inactivation of group barthorapodborne animal viruses by proteases /c Ping-Yao Cheng aSobretiro de: Virology 6(1): 129-136, 1958 aPatología veterinaria  aVirus